| 000 | 01456pam a2200445 ia4500 | ||
|---|---|---|---|
| 999 |
_c173524 _d173524 |
||
| 001 | vtls000779587 | ||
| 003 | PNM | ||
| 005 | 20190717121025.0 | ||
| 008 | 150812s2016 my ao j 001 0 may | ||
| 015 | _aM16-12928 | ||
| 020 |
_a9789674600426 _qset |
||
| 020 |
_a9789674600501 _qpaperback _cRM15.00 |
||
| 039 | 9 |
_a201802081622 _bhazwani _c201707031435 _danis_o _c201610241623 _dn_shuhada _c201610130955 _dety |
|
| 040 |
_aBNM _beng _cBNM _dPPAK _erda |
||
| 041 | 1 |
_amay _heng |
|
| 049 | _aklpmal | ||
| 082 | 0 | 4 |
_a553.63 _223 |
| 090 | 0 | 0 |
_a553.63 _bMOO _dk |
| 100 | 1 |
_aMoore, Heidi, _d1976- _eauthor. |
|
| 245 | 1 | 0 |
_aKISAH DI SEBALIK GARAM / _cHeidi Moore ; Penterjemah Mohd Sumali Basuri |
| 246 | 3 | 3 |
_iTranslation of: _aTrue stories : _bthe story behind salt |
| 264 | 1 |
_aKuala Lumpur : _bInstitut Terjemahan & Buku Malaysia, _c2016 |
|
| 300 |
_a32 pages : _bcolour photographs, colour illustrations ; _c27 cm. |
||
| 336 |
_atext _2rdacontent |
||
| 337 |
_aunmediated _2rdamedia |
||
| 338 |
_avolume _2rdacarrier |
||
| 490 | 1 | _aKISAH BENAR | |
| 500 | _aIncludes index | ||
| 504 | _aBibliography: page 31 | ||
| 650 | 1 | 0 |
_aSalt _vJuvenile literature |
| 650 | 2 | 0 | _aSalt |
| 700 | 0 |
_aMohd Sumali Basuri, _etranslator. |
|
| 830 | 0 | _aKisah benar | |
| 942 |
_2ddc _cB |
||
| 949 |
_62000063285 _a553.63 MOO M |
||
| 949 |
_62000063271 _a553.63 MOO M |
||
| 949 |
_61001302002 _e2476076 |
||
| 949 |
_61001302003 _e2476077 |
||
| 949 |
_61001302004 _e2476078 |
||